Ciencias naturales hoy: 8

Saved in:
Bibliografiske detaljer
Main Authors: Aguila Garay, Eugenia (Author), Hidalgo Caprile, Rodolfo (Author)
Format: Bog
Sprog:spansk
Udgivet: Santiago Santillana 1997
Fag:
Tags: Tilføj Tag
Ingen Tags, Vær først til at tagge denne postø!

MARC

LEADER 00000nam a2200000 a 4500
001 UCQ4675
003 CL-VaPUC
008 980910e19970000CL |||||||||||||||||spa|d
082 0 4 |a 372.35  |b AGU  |2 21 
100 0 |a Aguila Garay, Eugenia  |e author  |9 418875 
700 0 |a Hidalgo Caprile, Rodolfo  |e author  |9 418876 
245 1 0 |a Ciencias naturales hoy: 8 
300 |a 192 p 
942 |c BK 
945 |d 19980910 00:00:00  |a mvenant 
260 |a Santiago  |b Santillana  |c 1997 
650 0 |a Ciencias naturales  |9 260542 
650 0 |a Educación básica   |9 224933 
650 7 |a ENSEÑANZA DE LAS CIENCIAS NATURALES  |2 CL-VaPUC  |9 418877 
650 0 |a Libros de texto  |9 270019 
583 |a last modification  |c 19980910 00:00:00  |k Rodrigo Vera 
999 |c 274990  |d 274988 
952 |0 0  |1 0  |4 0  |6 372_350000000000000_AGU_1997  |7 0  |8 P  |9 311453  |a BIBEDU  |b BIBEDU  |c BIBEDU_PB  |d 2019-11-20  |i 346086K  |o 372.35 AGU 1997  |p 346086K  |r 2024-01-25  |w 2019-11-20  |y BK  |k EPE 
952 |0 0  |1 0  |4 0  |6 372_350000000000000_AGU_1997  |7 0  |8 P  |9 311454  |a BIBEDU  |b BIBEDU  |c BIBEDU_PB  |d 2019-11-20  |i 3890678  |o 372.35 AGU 1997  |p 3890678  |r 2024-01-25  |w 2019-11-20  |y BK  |k EPE 
952 |0 0  |1 0  |4 0  |6 372_350000000000000_AGU_1997  |7 0  |8 P  |9 311455  |a BIBEDU  |b BIBEDU  |c BIBEDU_PB  |d 2019-11-20  |i 3890686  |o 372.35 AGU 1997  |p 3890686  |r 2024-01-25  |w 2019-11-20  |y BK  |k EPE